Gala 3 OT2025 - Estadísticas

Estadísticas generales
  • Esta prueba ha sido intentada 72 veces
  • La puntuación promedio es 7 de 9
Estadísticas de respuestas
Imagen Hint Respuesta % Correcto
Crespo y Tinho El único
96%
Salma de Diego Lo saben mis zapatos
92%
Olivia y Claudia Arenas Messy
90%
Cristina, María Cruz y Lucía Casani Training season
84%
Guillo Rist y Téyou Vamos a olvidar
78%
Max Tu refugio
76%
Grupal Será porque te amo
67%
Carlos y Laura Muñoz Noche en vela
61%
Guille Toledano y Judit Don't leave me this way
45%
No se encontraron pruebas coincidentes
Distribución de puntuación
Porcentaje de gente con cada puntuación
Porcentaje por número respondido
Historial de tus puntuaciones
No has intentado esta prueba.